[Event "IX Festival A"]
[Site "Montecatini Terme ITA"]
[Date "2000.08.03"]
[Round "6"]
[White "Ferretti, Folco"]
[Black "Genocchio, Daniele"]
[Result "0-1"]
[WhiteElo "2278"]
[BlackElo "2201"]
[PlyCount "88"]
[EventDate "2000.07.29"]

1. e4 c5 2. c3 Nf6 3. e5 Nd5 4. Nf3 Nc6 5. Bc4 Nb6 6. Bb3 c4 7. Bc2 Qc7 8. Qe2
g5 9. e6 dxe6 10. Nxg5 Qe5 11. d4 cxd3 12. Bxd3 Qxe2+ 13. Bxe2 h6 14. Ne4 e5
15. Na3 Bf5 16. Ng3 Bg6 17. Nc4 Nd5 18. O-O e6 19. Re1 O-O-O 20. Bh5 Bxh5 21.
Nxh5 f6 22. a4 Rg8 23. f4 Rg4 24. g3 exf4 25. Rxe6 Bc5+ 26. Kg2 f3+ 27. Kxf3
Rxc4 28. Bf4 Nxf4 29. gxf4 f5 30. Rxh6 Rd2 31. Nf6 Rxb2 32. Rh8+ Nd8 33. Rc1
Bd4 34. Rf8 Rxc3+ 35. Rxc3+ Bxc3 36. Nd5 Rxh2 37. Rxf5 Bg7 38. Rg5 Ba1 39. f5
Nf7 40. Rg1 Bb2 41. Rg8+ Kd7 42. Ra8 Bd4 43. Rb8 Nd8 44. Ke4 Rh4+ 0-1

[Event "IX Festival A"]
[Site "Montecatini Terme ITA"]
[Date "2000.08.03"]
[Round "6"]
[White "Grigore, George-Gabriel"]
[Black "Nannelli, Paolo"]
[Result "1-0"]
[WhiteElo "2508"]
[BlackElo "2217"]
[PlyCount "59"]
[EventDate "2000.07.29"]

1. d4 g6 2. c4 Bg7 3. Nc3 d6 4. Nf3 Nf6 5. e4 O-O 6. Be2 e5 7. O-O exd4 8. Nxd4
Re8 9. f3 Nc6 10. Be3 Nh5 11. Qd2 Nxd4 12. Bxd4 Nf4 13. Rfd1 Qg5 14. Bf1 Nh3+
15. Kh1 Qxd2 16. Rxd2 Nf4 17. Nd5 Nxd5 18. cxd5 Bh6 19. Rc2 f5 20. Rxc7 fxe4
21. Bb5 Rf8 22. fxe4 Rf7 23. Rxf7 Kxf7 24. Rf1+ Kg8 25. h3 a6 26. Be8 Be6 27.
Bxg6 hxg6 28. dxe6 Re8 29. Rf6 Kh7 30. h4 1-0

[Event "IX Festival A"]
[Site "Montecatini Terme ITA"]
[Date "2000.08.03"]
[Round "6"]
[White "Iotti, Pierluigi"]
[Black "Ortega, Lexy"]
[Result "0-1"]
[WhiteElo "2294"]
[BlackElo "2491"]
[PlyCount "112"]
[EventDate "2000.07.29"]

1. d4 d5 2. Nf3 c6 3. Bf4 Bg4 4. Nbd2 e6 5. e3 Nf6 6. Bd3 Bd6 7. Bxd6 Qxd6 8.
O-O Nbd7 9. h3 Bxf3 10. Nxf3 O-O 11. c4 g6 12. Qb3 a5 13. a3 a4 14. Qc2 c5 15.
cxd5 Nxd5 16. Rac1 cxd4 17. Nxd4 Kg7 18. Bb5 N7b6 19. Rfd1 Rfc8 20. Qd2 Qe5 21.
Rxc8 Rxc8 22. Rc1 Rd8 23. Nf3 Qf6 24. Qd4 Qxd4 25. Nxd4 Kf6 26. Kf1 h6 27. g3
Ke5 28. Ke2 f5 29. h4 Kd6 30. Bd3 Rc8 31. Nb5+ Ke7 32. Rxc8 Nxc8 33. Kd2 Ncb6
34. f4 Nf6 35. Nc3 Nh5 36. Bb5 Nxg3 37. Nxa4 Ne4+ 38. Kc2 Nd5 39. Kd3 Nc7 40.
Bc4 b5 41. Bxb5 Nxb5 42. Nb6 Nc7 43. b4 e5 44. a4 Nf6 45. Kc4 exf4 46. exf4 Nh5
47. b5 Nxf4 48. a5 g5 49. hxg5 hxg5 50. Kc5 Nfe6+ 51. Kc6 g4 52. Nc4 g3 53. Ne3
f4 54. Ng2 f3 55. Nh4 Nd4+ 56. Kxc7 f2 0-1

[Event "IX Festival A"]
[Site "Montecatini Terme ITA"]
[Date "2000.08.03"]
[Round "6"]
[White "Jovanic, Ognjen"]
[Black "Skembris, Spyridon"]
[Result "1-0"]
[WhiteElo "2313"]
[BlackElo "2475"]
[PlyCount "79"]
[EventDate "2000.07.29"]

1. Nf3 d5 2. c4 d4 3. g3 g6 4. Bg2 Bg7 5. O-O e5 6. d3 Ne7 7. b4 a5 8. b5 c5 9.
bxc6 Nexc6 10. a4 O-O 11. Ba3 Re8 12. Nbd2 Na6 13. Ne1 Ncb4 14. Nc2 Bf8 15. Nb3
Rb8 16. Bxb4 Nxb4 17. Na3 Bd7 18. Nb5 Bc6 19. Qd2 h5 20. Rad1 f5 21. e3 Bh6 22.
Rfe1 Bxg2 23. Kxg2 b6 24. Qe2 e4 25. N3xd4 exd3 26. Qf3 Rc8 27. e4 fxe4 28.
Rxe4 Rxe4 29. Qxe4 Qf6 30. Ne6 Bf8 31. Nf4 Qc6 32. Nd5 Rd8 33. Nd4 Qd6 34. Ne6
Nxd5 35. Qxg6+ Kh8 36. Qxh5+ Kg8 37. Qg6+ Kh8 38. Qh5+ Kg8 39. Qg5+ Kh8 40.
Nxd8 1-0

[Event "IX Festival A"]
[Site "Montecatini Terme ITA"]
[Date "2000.08.03"]
[Round "6"]
[White "Martorelli, Antonio"]
[Black "Ferri, Stefano"]
[Result "1/2-1/2"]
[WhiteElo "2272"]
[BlackElo "2089"]
[PlyCount "68"]
[EventDate "2000.07.29"]

1. e4 c5 2. Nc3 g6 3. Nf3 Bg7 4. d4 cxd4 5. Nxd4 Nc6 6. Be3 Nf6 7. Nb3 O-O 8.
Be2 d6 9. Qd2 Re8 10. Bh6 Bh8 11. h4 Ne5 12. h5 Be6 13. Nd4 Qc8 14. hxg6 fxg6
15. O-O-O a6 16. f4 Nc4 17. Bxc4 Qxc4 18. Nxe6 Qxe6 19. f5 Qf7 20. Rdf1 Rac8
21. fxg6 hxg6 22. g4 Qe6 23. Re1 Rc4 24. Qd3 Rec8 25. Bd2 Qe5 26. Rxh8+ Kxh8
27. Qh3+ Nh7 28. Rh1 Qg7 29. Bh6 Qf7 30. Be3 Kg8 31. g5 e6 32. Rf1 Qe7 33. Qh6
Qg7 34. Qh3 Qe7 1/2-1/2

[Event "IX Festival A"]
[Site "Montecatini Terme ITA"]
[Date "2000.08.03"]
[Round "6"]
[White "Mauro, Alan"]
[Black "Borgo, Giulio"]
[Result "0-1"]
[WhiteElo "2214"]
[BlackElo "2391"]
[PlyCount "110"]
[EventDate "2000.07.29"]

1. e4 c5 2. Nf3 e6 3. d4 cxd4 4. Nxd4 Nc6 5. Nxc6 bxc6 6. Bd3 d5 7. O-O Nf6 8.
Nd2 Be7 9. Kh1 a5 10. Qe2 Nd7 11. f4 Nc5 12. Rf3 a4 13. a3 O-O 14. Rh3 g6 15.
e5 Qb6 16. Nf3 Ba6 17. Rb1 Nxd3 18. cxd3 Qb3 19. Nd4 Qa2 20. Qc2 Rfc8 21. Ne2
Rab8 22. Nc3 Qb3 23. Qxb3 Rxb3 24. d4 Ra8 25. Rf3 c5 26. dxc5 Bxc5 27. h3 Bc4
28. Bd2 Bb6 29. Be1 h5 30. Kh2 Kg7 31. Kg3 d4 32. Nd1 Rb5 33. Bb4 g5 34. Rc1
Bb3 35. Nf2 Bd5 36. Rd3 Kg6 37. Rd2 gxf4+ 38. Kxf4 Bd8 39. h4 Bxh4 40. Nh3 f6
41. Rc5 fxe5+ 42. Kxe5 Bf6+ 43. Kf4 e5+ 44. Kg3 Rxc5 45. Bxc5 Kf5 46. Rf2+ Ke6
47. Kh2 h4 48. Bxd4 exd4 49. Nf4+ Kd6 50. Nxd5 Be5+ 51. Nf4 Rf8 52. g3 hxg3+
53. Kxg3 Rxf4 54. Rxf4 d3 55. Kf3 Bxf4 0-1

[Event "IX Festival A"]
[Site "Montecatini Terme ITA"]
[Date "2000.08.03"]
[Round "6"]
[White "Naumkin, Igor"]
[Black "Wustefeld, Carl"]
[Result "0-1"]
[WhiteElo "2440"]
[BlackElo "2214"]
[PlyCount "100"]
[EventDate "2000.07.29"]

1. d4 g6 2. c4 Bg7 3. Nc3 c5 4. d5 f5 5. Bd2 Nf6 6. Nf3 d6 7. g3 O-O 8. Bg2 Ne4
9. Qc2 Nxd2 10. Nxd2 Nd7 11. e3 a6 12. a4 Rb8 13. O-O Ne5 14. h3 Nd7 15. f4 Nf6
16. Rae1 Bd7 17. e4 fxe4 18. Ndxe4 Nxe4 19. Qxe4 Rf7 20. h4 Bg4 21. Kh2 Qd7 22.
Bf3 Bf5 23. Qe3 Bxc3 24. Qxc3 Qxa4 25. Rf2 Qb4 26. Qc1 b5 27. cxb5 Rxb5 28. h5
Qd4 29. Rd2 Qf6 30. hxg6 hxg6 31. Kg2 Rh7 32. Rde2 Rb3 33. Qc4 Rxb2 34. Qxa6
Bh3+ 35. Kg1 Qd4+ 36. Re3 Bf5 37. Qa8+ Kf7 38. Qd8 Rb7 39. Kg2 Bh3+ 40. Kf2 Rh8
41. Qa5 Bf5 42. Kg2 Bh3+ 43. Kf2 Rb2+ 44. R1e2 Rxe2+ 45. Bxe2 Bf5 46. Qc3 Rh2+
47. Ke1 Rh1+ 48. Kf2 Qxc3 49. Rxc3 Be4 50. Bc4 Rd1 0-1

[Event "IX Festival A"]
[Site "Montecatini Terme ITA"]
[Date "2000.08.03"]
[Round "6"]
[White "Pantaleoni, Claudio"]
[Black "Tocchioni, Doriano"]
[Result "0-1"]
[WhiteElo "2201"]
[BlackElo "2250"]
[PlyCount "76"]
[EventDate "2000.07.29"]

1. c4 e5 2. Nc3 Nc6 3. Nf3 Bb4 4. Qb3 a5 5. a3 Bc5 6. e3 Nf6 7. d3 d6 8. Be2
O-O 9. Bd2 Re8 10. h3 Bd7 11. Ng5 Ne7 12. Bf3 Bc6 13. Bxc6 bxc6 14. Nge4 Nxe4
15. Nxe4 Bb6 16. Rc1 c5 17. Qd1 Ng6 18. Qh5 Qd7 19. g4 d5 20. cxd5 Qxd5 21. O-O
Qxd3 22. Qf5 Rad8 23. Rc3 Qd5 24. Qf3 Nh4 25. Qh1 f5 26. gxf5 Rf8 27. Be1 Rxf5
28. f3 Nxf3+ 29. Rxf3 Qxe4 30. Rxf5 Qxf5 31. Rc4 Rd1 32. Qa8+ Kf7 33. Rc1 Rxc1
34. Qd5+ Kg6 35. Qc6+ Kf7 36. Qd5+ Qe6 37. Qf3+ Ke7 38. Qg3 Qg6 0-1

[Event "IX Festival A"]
[Site "Montecatini Terme ITA"]
[Date "2000.08.03"]
[Round "6"]
[White "Sax, Gyula"]
[Black "Komarov, Dimitri"]
[Result "1/2-1/2"]
[WhiteElo "2563"]
[BlackElo "2556"]
[PlyCount "32"]
[EventDate "2000.07.29"]

1. e4 e6 2. d4 d5 3. Nc3 Nf6 4. Bg5 dxe4 5. Nxe4 Be7 6. Bxf6 Bxf6 7. Nf3 O-O 8.
Qd2 Nd7 9. O-O-O b6 10. Bd3 Bb7 11. h4 Be7 12. Qf4 Nf6 13. c4 c5 14. dxc5 Qb8
15. Qxb8 Rfxb8 16. Nxf6+ Bxf6 1/2-1/2

[Event "IX Festival A"]
[Site "Montecatini Terme ITA"]
[Date "2000.08.03"]
[Round "6"]
[White "Sulava, Nenad"]
[Black "Nelli, Luca"]
[Result "1-0"]
[WhiteElo "2549"]
[BlackElo "2279"]
[PlyCount "67"]
[EventDate "2000.07.29"]

1. Nf3 Nf6 2. g3 c5 3. Bg2 Nc6 4. O-O g6 5. d4 cxd4 6. Nxd4 Bg7 7. c4 O-O 8.
Nc3 Nxd4 9. Qxd4 d6 10. Qd3 Rb8 11. c5 dxc5 12. Qxd8 Rxd8 13. Bf4 Ra8 14. Rfd1
Rd7 15. Na4 Rxd1+ 16. Rxd1 Nd7 17. b3 Kf8 18. Nxc5 e5 19. Nxd7+ Bxd7 20. Rxd7
exf4 21. Bd5 Bc3 22. Rxf7+ Ke8 23. Rxb7 Rd8 24. Bf7+ Kf8 25. Bc4 fxg3 26. hxg3
a5 27. Rf7+ Ke8 28. Rxh7 Rd6 29. Kg2 Kd8 30. Bd3 g5 31. Kh3 Rd7 32. Rxd7+ Kxd7
33. Kg4 Bd2 34. f4 1-0

[Event "IX Festival A"]
[Site "Montecatini Terme ITA"]
[Date "2000.08.03"]
[Round "6"]
[White "Van der Werf, Mark"]
[Black "Palac, Mladen"]
[Result "1/2-1/2"]
[WhiteElo "2429"]
[BlackElo "2573"]
[PlyCount "49"]
[EventDate "2000.07.29"]

1. d4 Nf6 2. c4 g6 3. Nc3 d5 4. cxd5 Nxd5 5. e4 Nxc3 6. bxc3 Bg7 7. Nf3 c5 8.
Bb5+ Nc6 9. O-O O-O 10. Be3 cxd4 11. cxd4 Bg4 12. Bxc6 bxc6 13. Rc1 Qa5 14. Qe2
Rfd8 15. Rc5 Qa4 16. Qc4 Qxc4 17. Rxc4 a5 18. Rfc1 Be6 19. Ra4 f5 20. exf5 gxf5
21. Bf4 Bd5 22. Ne5 Rdb8 23. Nd3 Rb5 24. f3 Kf7 25. Kf2 1/2-1/2

[Event "IX Festival A"]
[Site "Montecatini Terme ITA"]
[Date "2000.08.03"]
[Round "6"]
[White "Vezzosi, Paolo"]
[Black "Tischbierek, Raj"]
[Result "0-1"]
[WhiteElo "2421"]
[BlackElo "2521"]
[PlyCount "84"]
[EventDate "2000.07.29"]

1. d4 d6 2. c4 e5 3. Nf3 e4 4. Ng5 f5 5. Nc3 Be7 6. Nh3 c6 7. Qb3 Na6 8. f3 Nf6
9. Bg5 h6 10. Bxf6 Bxf6 11. O-O-O e3 12. Nb1 Qe7 13. Nf4 Kf7 14. g3 Re8 15. Na3
g5 16. Ng2 c5 17. Nc2 cxd4 18. Nxd4 Kg7 19. h4 b5 20. hxg5 hxg5 21. Nc6 Qc7 22.
cxb5 Rb8 23. Qd5 Be6 24. Qxd6 Rxb5 25. Qxc7+ Nxc7 26. Nd4 Rc5+ 27. Kb1 Bf7 28.
Nb3 Rd5 29. Rxd5 Nxd5 30. f4 gxf4 31. Nxf4 Nxf4 32. gxf4 Re4 33. Rg1+ Kf8 34.
Bh3 Rxf4 35. Rf1 Rf2 36. Rxf2 exf2 37. Nd2 f4 38. Kc2 Ke7 39. Kd3 Bxb2 40. Ke4
Ba1 41. Nb3 Bc3 42. Bf1 Kd6 0-1

[Event "IX Festival A"]
[Site "Montecatini Terme ITA"]
[Date "2000.08.03"]
[Round "6"]
[White "Vismara, Daniele"]
[Black "Van Esch, Sebastian"]
[Result "1-0"]
[WhiteElo "2246"]
[BlackElo "2158"]
[PlyCount "71"]
[EventDate "2000.07.29"]

1. Nf3 c6 2. c4 g6 3. d4 Bg7 4. Nc3 d6 5. e4 Bg4 6. Be2 Nd7 7. Ng1 Bxe2 8.
Ngxe2 Ngf6 9. f3 a6 10. a4 O-O 11. Be3 Ne8 12. O-O c5 13. dxc5 dxc5 14. Qb3 Nd6
15. Rfd1 Re8 16. Rd5 Qb6 17. Qa2 Qb4 18. Bf2 Rac8 19. a5 Nf6 20. e5 Nxd5 21.
Nxd5 Qxc4 22. exd6 Qxa2 23. Rxa2 exd6 24. Nec3 Re5 25. Ra3 Kf8 26. Rb3 Re6 27.
Rxb7 Bd4 28. Kf1 Bxf2 29. Kxf2 c4 30. Rb6 Rc5 31. Rxa6 Re5 32. Rxd6 Rxa5 33.
Rd8+ Kg7 34. Ne3 Rec5 35. Rd4 Ra7 36. Rxc4 1-0

[Event "IX Festival A"]
[Site "Montecatini Terme ITA"]
[Date "2000.08.03"]
[Round "6"]
[White "Voltolini, Giuseppe"]
[Black "Gagliardi, Pietro"]
[Result "1-0"]
[WhiteElo "2279"]
[BlackElo "2227"]
[PlyCount "49"]
[EventDate "2000.07.29"]

1. d4 Nf6 2. c4 c5 3. d5 d6 4. Nc3 g6 5. e4 Bg7 6. Bd3 O-O 7. Nge2 e6 8. O-O
exd5 9. cxd5 a6 10. a4 Nbd7 11. Rb1 Qc7 12. f3 Rb8 13. Be3 Ne5 14. b4 Nxd3 15.
Qxd3 c4 16. Qd2 b6 17. Nd4 Bd7 18. b5 a5 19. Nc6 Rb7 20. Rbc1 Bc8 21. Qe2 Nd7
22. Qxc4 Nc5 23. Rce1 Bd7 24. f4 Re8 25. Bd4 1-0

[Event "IX Festival A"]
[Site "Montecatini Terme ITA"]
[Date "2000.08.03"]
[Round "6"]
[White "Zelcic, Robert"]
[Black "Bontempi, Piero"]
[Result "1-0"]
[WhiteElo "2457"]
[BlackElo "2273"]
[PlyCount "127"]
[EventDate "2000.07.29"]

1. e4 c5 2. Nf3 d6 3. d4 cxd4 4. Qxd4 Bd7 5. c4 Nc6 6. Qd2 g6 7. Be2 Bg7 8. O-O
Nf6 9. Nc3 O-O 10. Rb1 a6 11. h3 Rb8 12. Qe3 Qc7 13. b3 b6 14. Bb2 e6 15. Rfd1
Rfd8 16. Rd2 Bc8 17. Rbd1 Bb7 18. Na4 Ba8 19. e5 dxe5 20. Rxd8+ Rxd8 21. Rxd8+
Qxd8 22. Nxe5 Nxe5 23. Bxe5 b5 24. Nb6 Bc6 25. Qc5 Nd7 26. Nxd7 Qxd7 27. Bxg7
Kxg7 28. Qb6 bxc4 29. Bxc4 Bb5 30. Qc5 f6 31. a4 Bxc4 32. Qxc4 Qd1+ 33. Kh2
Qd6+ 34. g3 a5 35. h4 h5 36. Qc3 Qb6 37. Kg1 Kf7 38. Qd2 Ke7 39. Qd3 f5 40. Kf1
Qc5 41. Qd2 e5 42. Qh6 Kf7 43. Qh7+ Kf6 44. Qd7 Qc3 45. Qd6+ Kf7 46. Qd5+ Ke7
47. Qg8 Qd3+ 48. Kg1 Qd1+ 49. Kg2 e4 50. Qg7+ Kd8 51. Qxg6 Qf3+ 52. Kg1 Kc7 53.
Qf7+ Kd6 54. Qf6+ Kd7 55. Qd4+ Ke6 56. Qb6+ Kd7 57. Qxa5 Qd1+ 58. Kh2 Qf3 59.
Qd5+ Kc7 60. Qe5+ Kb6 61. Qf4 Qxb3 62. Qxf5 Qxa4 63. Qxh5 Qc2 64. Qf5 1-0

[Event "IX Festival A"]
[Site "Montecatini Terme ITA"]
[Date "2000.08.04"]
[Round "7"]
[White "Basciu, Simone"]
[Black "Naumkin, Igor"]
[Result "1-0"]
[WhiteElo "2147"]
[BlackElo "2440"]
[PlyCount "81"]
[EventDate "2000.07.29"]

1. d4 e6 2. Nf3 f5 3. g3 Nf6 4. Bg2 Be7 5. O-O O-O 6. c4 d6 7. Nc3 a5 8. Re1 d5
9. Ne5 c6 10. b3 Nbd7 11. Nd3 Qe8 12. Bb2 b6 13. Qc1 Bb7 14. Ba3 Rc8 15. Bxe7
Qxe7 16. f3 b5 17. cxb5 cxb5 18. Qb2 b4 19. Na4 Rc7 20. Rac1 Rfc8 21. Rxc7 Rxc7
22. Rc1 Ne8 23. Nac5 Bc6 24. Nf4 Nf8 25. Na6 Rc8 26. Nd3 Nd6 27. Ne5 Bb7 28.
Rxc8 Bxc8 29. Nc5 Qa7 30. e3 Ng6 31. Nxg6 hxg6 32. Bf1 g5 33. a3 Nb7 34. axb4
axb4 35. Na6 Qb6 36. Qc2 Nd6 37. Qc5 Qxc5 38. dxc5 Nb7 39. c6 Na5 40. Nxb4 Nxb3
41. Ba6 1-0

[Event "IX Festival A"]
[Site "Montecatini Terme ITA"]
[Date "2000.08.04"]
[Round "7"]
[White "Bontempi, Piero"]
[Black "Belotti, Bruno"]
[Result "1-0"]
[WhiteElo "2273"]
[BlackElo "2417"]
[PlyCount "73"]
[EventDate "2000.07.29"]

1. e4 c5 2. Nf3 e6 3. d4 cxd4 4. Nxd4 a6 5. Nc3 b5 6. Bd3 Qb6 7. Nb3 Qc7 8. O-O
Bb7 9. f4 Nf6 10. e5 b4 11. exf6 bxc3 12. f5 gxf6 13. Qg4 e5 14. bxc3 d5 15. c4
h5 16. Qe2 dxc4 17. Bxc4 Nd7 18. Be3 Rg8 19. Rf2 Rg4 20. Nd2 Bc5 21. Rb1 Qc6
22. Bxc5 Nxc5 23. h3 Rg7 24. Nb3 Nxb3 25. Rxb3 O-O-O 26. Bd3 e4 27. Qe1 Qd5 28.
Qc3+ Kd7 29. Rd2 e3 30. Bb5+ axb5 31. Rxd5+ Bxd5 32. Qd4 Rxg2+ 33. Kf1 e2+ 34.
Ke1 Ke7 35. Qc5+ Ke8 36. Re3+ Be6 37. Qc6+ 1-0

[Event "IX Festival A"]
[Site "Montecatini Terme ITA"]
[Date "2000.08.04"]
[Round "7"]
[White "De Boer, Albert"]
[Black "Mauro, Alan"]
[Result "0-1"]
[WhiteElo "2158"]
[BlackElo "2214"]
[PlyCount "66"]
[EventDate "2000.07.29"]

1. e4 c5 2. c3 Nf6 3. e5 Nd5 4. d4 cxd4 5. cxd4 e6 6. Nf3 b6 7. Nc3 Nxc3 8.
bxc3 Qc7 9. Bd2 Bb7 10. Bd3 Be7 11. Qe2 d6 12. O-O Nd7 13. exd6 Qxd6 14. Rfe1
O-O 15. Rac1 Bf6 16. Ng5 Bxg5 17. Bxg5 Qd5 18. Qg4 f5 19. Qh3 h6 20. Be7 Rf7
21. c4 Qxd4 22. Rxe6 Be4 23. Rd1 Nc5 24. Bxc5 Qxc5 25. Bxe4 fxe4 26. Qe3 Qh5
27. Rd5 Rf5 28. Rd7 Raf8 29. Qd4 Qg5 30. Qxe4 Rxf2 31. Rd1 Qc5 32. Qe3 Qxc4 33.
h3 Qc2 0-1

[Event "IX Festival A"]
[Site "Montecatini Terme ITA"]
[Date "2000.08.04"]
[Round "7"]
[White "De Gleria, Francesco"]
[Black "Martorelli, Antonio"]
[Result "1-0"]
[WhiteElo "2446"]
[BlackElo "2272"]
[PlyCount "75"]
[EventDate "2000.07.29"]

1. e4 c5 2. Nf3 d6 3. d4 cxd4 4. Qxd4 Nc6 5. Bb5 Bd7 6. Bxc6 Bxc6 7. Nc3 Nf6 8.
Bg5 e6 9. O-O-O Be7 10. Rhe1 O-O 11. Qd2 Qa5 12. Kb1 Qa6 13. Nd4 Rfc8 14. f3 b5
15. g4 b4 16. Nce2 Be8 17. Ng3 Rc5 18. Nb3 Re5 19. h4 g6 20. h5 Qb7 21. hxg6
hxg6 22. Rh1 Rxg5 23. Qh2 Nh5 24. gxh5 Bf6 25. f4 Rxg3 26. Qxg3 Qxe4 27. hxg6
fxg6 28. Rhe1 Qc4 29. Na5 Qc7 30. Rxe6 Bg7 31. Nb3 Rc8 32. Qd3 d5 33. f5 gxf5
34. Qxf5 Bf7 35. Re2 Rb8 36. Rg1 Kf8 37. Rxg7 Kxg7 38. Qg5+ 1-0

[Event "IX Festival A"]
[Site "Montecatini Terme ITA"]
[Date "2000.08.04"]
[Round "7"]
[White "De Haan, Eric"]
[Black "Sprotte, Norbert"]
[Result "1-0"]
[WhiteElo "2291"]
[BlackElo "2232"]
[PlyCount "67"]
[EventDate "2000.07.29"]

1. d4 Nf6 2. c4 e6 3. Nf3 Bb4+ 4. Bd2 Qe7 5. g3 b6 6. Bg2 Bb7 7. O-O Bxd2 8.
Qxd2 O-O 9. Nc3 Ne4 10. Nxe4 Bxe4 11. Qf4 d5 12. cxd5 exd5 13. Rac1 c5 14. dxc5
bxc5 15. Qe3 Qf6 16. b3 Na6 17. Rfd1 Rfe8 18. Qf4 Qe7 19. Rd2 Rab8 20. Ng5 Bxg2
21. Kxg2 h6 22. Nf3 Qe6 23. Ne1 Rb4 24. Qf3 Re4 25. Nd3 Qe7 26. e3 c4 27. Nf4
Qa3 28. Rc3 Nb4 29. Nxd5 Nxd5 30. Rxd5 Qb2 31. Rxc4 Rxe3 32. Qf5 Re1 33. Rd7
Rf8 34. Rxf7 1-0

[Event "IX Festival A"]
[Site "Montecatini Terme ITA"]
[Date "2000.08.04"]
[Round "7"]
[White "De Kleuver, Esther"]
[Black "Ferretti, Folco"]
[Result "0-1"]
[WhiteElo "2167"]
[BlackElo "2278"]
[PlyCount "120"]
[EventDate "2000.07.29"]

1. e4 e5 2. Nc3 Nf6 3. Nf3 Nc6 4. g3 Bc5 5. Bg2 d6 6. d3 a6 7. O-O Be6 8. h3 h6
9. Nh4 Qd7 10. Kh2 g5 11. Qf3 Ng8 12. Nf5 O-O-O 13. Be3 Nge7 14. Nxe7+ Nxe7 15.
Qe2 Rdg8 16. a3 Ng6 17. b4 Bd4 18. Qd2 Nf4 19. gxf4 Bxc3 20. Qxc3 gxf4 21. Bxf4
exf4 22. d4 Qe7 23. Qf3 Qh4 24. c4 Rg5 25. e5 c6 26. d5 Bd7 27. b5 Rhg8 28. Rg1
Rg3 29. fxg3 fxg3+ 30. Kh1 Bxh3 31. Qf6 Qh5 32. Rgc1 Bxg2+ 33. Kxg2 Qh2+ 34.
Kf3 Qf2+ 35. Ke4 Qe2+ 36. Kd4 Qd2+ 37. Ke4 Qe2+ 38. Kd4 Rg4+ 39. Kc3 Rxc4+ 40.
Kb3 Qd3+ 41. Kb2 Qd2+ 42. Kb3 Rxc1 43. Rxc1 Qxc1 44. Qh8+ Kc7 45. exd6+ Kxd6
46. Qd8+ Kc5 47. bxc6 Qc4+ 48. Kb2 Qb5+ 49. Kc3 bxc6 50. Qe7+ Kxd5 51. Qxf7+
Ke4 52. Qg6+ Kf3 53. Qxh6 Qe5+ 54. Kc2 g2 55. Qh3+ Kf2 56. Qh4+ Kf1 57. Qh3
Qe2+ 58. Kc1 Ke1 59. Qg3+ Qf2 60. Qe5+ Kf1 0-1

[Event "IX Festival A"]
[Site "Montecatini Terme ITA"]
[Date "2000.08.04"]
[Round "7"]
[White "Ferri, Stefano"]
[Black "Vismara, Daniele"]
[Result "0-1"]
[WhiteElo "2089"]
[BlackElo "2246"]
[PlyCount "150"]
[EventDate "2000.07.29"]

1. d4 Nf6 2. Nf3 e6 3. c4 b6 4. Nc3 Bb4 5. Bg5 Bb7 6. Rc1 h6 7. Bh4 g5 8. Bg3
Ne4 9. Nd2 Bxc3 10. bxc3 Nxg3 11. hxg3 d6 12. e4 Qf6 13. Bd3 e5 14. Qf3 Qxf3
15. gxf3 Nc6 16. d5 Ne7 17. Ke2 h5 18. Rh2 Ng6 19. Rch1 h4 20. Nf1 Ke7 21. Ne3
Kf6 22. Nf5 Rh7 23. Kf1 Rah8 24. Kg2 Bc8 25. Ne3 Bd7 26. Nd1 Ke7 27. Ne3 Kd8
28. Kf1 Kc8 29. Ke2 Kb7 30. Kd2 Nf8 31. Ng2 Ng6 32. Ne3 Kc8 33. Ng2 Kd8 34. Ne3
Ke7 35. Nf5+ Kf6 36. Ne3 Nf8 37. Ng2 hxg3 38. Rxh7 Rxh7 39. Rxh7 Nxh7 40. fxg3
Kg6 41. g4 Kf6 42. Bf1 Nf8 43. Kc1 Ng6 44. Ne3 Nf4 45. Kb2 Ke7 46. Ka3 Kd8 47.
Kb4 Kc8 48. Kb3 Kb7 49. Kb4 c5+ 50. Kb3 Ka6 51. Ka3 Ka5 52. Kb3 a6 53. Ka3 b5
54. cxb5 axb5 55. Kb3 f6 56. Ka3 b4+ 57. Kb2 Bb5 58. c4 Bd7 59. Kb3 Ng6 60. Kb2
Ne7 61. Be2 Nc8 62. Nf1 Nb6 63. Ng3 Na4+ 64. Kb3 Nc3 65. Bf1 Ba4+ 66. Kb2 Bd1
67. Bg2 Be2 68. Nh5 Bxc4 69. Nxf6 Na4+ 70. Kb1 Bd3+ 71. Kc1 c4 72. Ne8 b3 73.
axb3 cxb3 74. Nxd6 b2+ 75. Kd2 b1=Q 0-1

[Event "IX Festival A"]
[Site "Montecatini Terme ITA"]
[Date "2000.08.04"]
[Round "7"]
[White "Genocchio, Daniele"]
[Black "Dittmar, Peter"]
[Result "0-1"]
[WhiteElo "2201"]
[BlackElo "2364"]
[PlyCount "60"]
[EventDate "2000.07.29"]

1. e4 e6 2. d4 d5 3. e5 c5 4. c3 Ne7 5. Nf3 Nec6 6. h4 b6 7. h5 h6 8. Be3 Ba6
9. Bxa6 Nxa6 10. Qa4 Nab8 11. Na3 Qd7 12. Nb5 a6 13. dxc5 bxc5 14. Rh4 Qb7 15.
Nd6+ Bxd6 16. exd6 Nd7 17. Rd1 c4 18. b3 Qb5 19. Qa3 Nde5 20. Nxe5 Nxe5 21. Bd4
Nd3+ 22. Kf1 O-O 23. Be3 e5 24. bxc4 dxc4 25. d7 Qxd7 26. Rxc4 Qb5 27. Rc7 Nb2+
28. c4 Nxc4 29. Qd3 Rad8 30. Qxd8 Nd6+ 0-1

[Event "IX Festival A"]
[Site "Montecatini Terme ITA"]
[Date "2000.08.04"]
[Round "7"]
[White "Godena, Michele"]
[Black "Van der Werf, Mark"]
[Result "0-1"]
[WhiteElo "2485"]
[BlackElo "2429"]
[PlyCount "82"]
[EventDate "2000.07.29"]

1. e4 d5 2. exd5 Qxd5 3. Nc3 Qa5 4. d4 c6 5. Nf3 Nf6 6. Ne5 Bf5 7. Nc4 Qd8 8.
Ne3 Bg6 9. h4 h6 10. f4 e6 11. g4 Bb4 12. a3 Bxc3+ 13. bxc3 Be4 14. Rh3 h5 15.
g5 Nd5 16. Nc4 b5 17. Ne5 f6 18. gxf6 gxf6 19. c4 Nb6 20. c5 Nd5 21. Nf3 Qa5+
22. Qd2 Qxd2+ 23. Kxd2 Rg8 24. Kd1 Nd7 25. Bd2 Rg4 26. c3 Nxf4 27. Bxf4 Rxf4
28. Be2 Ke7 29. a4 b4 30. Kd2 b3 31. Kc1 Rg8 32. Nd2 Bc2 33. Rh2 e5 34. Kb2
exd4 35. cxd4 Rxd4 36. Nxb3 Bxb3 37. Kxb3 Nxc5+ 38. Kc3 Rf4 39. Bxh5 Rg3+ 40.
Kc2 Rc4+ 41. Kb1 Rg1+ 0-1

[Event "IX Festival A"]
[Site "Montecatini Terme ITA"]
[Date "2000.08.04"]
[Round "7"]
[White "Guido, Flavio"]
[Black "Grigore, George-Gabriel"]
[Result "1/2-1/2"]
[WhiteElo "2303"]
[BlackElo "2508"]
[PlyCount "67"]
[EventDate "2000.07.29"]

1. e4 c5 2. Nf3 Nc6 3. c3 d5 4. exd5 Qxd5 5. d4 Nf6 6. Be2 cxd4 7. cxd4 e6 8.
O-O Be7 9. Nc3 Qd6 10. Nb5 Qd8 11. Bf4 Nd5 12. Bg3 O-O 13. Bc4 a6 14. Bxd5 axb5
15. Be4 b4 16. Qc2 h6 17. Rfd1 Ra5 18. Qb3 Qb6 19. Rac1 Rd8 20. Bxc6 bxc6 21.
Ne5 Bg5 22. Rxc6 Qb7 23. Qc2 Bd7 24. Nxd7 Rxd7 25. Rc8+ Rd8 26. Rc4 Rxa2 27.
Qb3 Qa6 28. Rxb4 Ra1 29. h3 Be7 30. Rb8 Rxd1+ 31. Qxd1 Rxb8 32. Bxb8 Qb5 33.
Be5 Qxb2 34. Qg4 1/2-1/2

[Event "IX Festival A"]
[Site "Montecatini Terme ITA"]
[Date "2000.08.04"]
[Round "7"]
[White "Klip, Hans"]
[Black "Mola, Pietro"]
[Result "1-0"]
[WhiteElo "2322"]
[BlackElo "2250"]
[PlyCount "93"]
[EventDate "2000.07.29"]

1. e4 e5 2. Bc4 Nf6 3. d3 Nc6 4. Nf3 Be7 5. O-O O-O 6. Re1 d6 7. a4 Be6 8. Nbd2
Qd7 9. c3 Rad8 10. a5 a6 11. Qb3 Bxc4 12. Nxc4 Qc8 13. Ne3 Nd7 14. Nd5 Rde8 15.
Be3 Bd8 16. c4 Kh8 17. Qc2 f5 18. exf5 Rxf5 19. Nd2 Ref8 20. Ne4 Nd4 21. Bxd4
exd4 22. f4 R5f7 23. b4 Qb8 24. b5 Nc5 25. Nxc5 dxc5 26. Rab1 Qc8 27. g3 c6 28.
bxc6 bxc6 29. Nb6 Qg4 30. Qe2 Qxe2 31. Rxe2 g5 32. f5 Rxf5 33. Nd7 Rg8 34. Ne5
g4 35. Rb7 Rgf8 36. Nxg4 Bg5 37. Kg2 Kg8 38. Nf2 Bd8 39. Ne4 Bxa5 40. Ra7 Bb4
41. Rxa6 Rf3 42. Rxc6 Rxd3 43. Nf6+ Rxf6 44. Rxf6 Kg7 45. Rd6 Rc3 46. Re7+ Kf8
47. Rxh7 1-0

[Event "IX Festival A"]
[Site "Montecatini Terme ITA"]
[Date "2000.08.04"]
[Round "7"]
[White "Komarov, Dimitri"]
[Black "Jovanic, Ognjen"]
[Result "1-0"]
[WhiteElo "2556"]
[BlackElo "2313"]
[PlyCount "65"]
[EventDate "2000.07.29"]

1. d4 Nf6 2. Nf3 c5 3. d5 g6 4. Nc3 Bg7 5. e4 d6 6. Bc4 O-O 7. O-O Bg4 8. h3
Bxf3 9. Qxf3 Na6 10. Bg5 Nc7 11. a4 a6 12. a5 Rb8 13. Rfe1 b5 14. axb6 Rxb6 15.
Nd1 h6 16. Bd2 Nd7 17. Bf1 Nb5 18. Ba5 Nd4 19. Qd3 Ne5 20. Qc3 f5 21. exf5 Rxf5
22. Kh1 Qb8 23. Bxb6 Qxb6 24. Rxa6 Qb7 25. Qd2 Kh7 26. Ne3 Rg5 27. Qd1 Rh5 28.
f4 Nd7 29. c3 Nb5 30. Qa4 Nc7 31. Qxd7 Qxb2 32. Qxc7 Qf2 33. Raa1 1-0